000
00278nam a2200109Ia 4500
008
200302s9999 xx 000 0 und d
100
_a
Andreas C. Papadakis
245
_a
A New Spirit in Architecture
260
_b
Academy Edition Martins press
260
_c
1991
300
_a
96 P.,
999
_c
5466
_d
5466